可居住面积占比靠前的日本都道府县 扫雷模式 - Statistics

General Stats
  • This quiz has been taken 24 times
  • The average score is 9 of 21
Answers on the Grid
Answers color-coded by a green-red scale on the quiz's grid according to % correct below.
大阪府
千叶县
埼玉县
东京都
茨城县
神奈川县
爱知县
福冈县
佐贺县
香川县
冲绳县
栃木县
宫城县
富山县
长崎县
熊本县
新潟县
鹿儿岛县
三重县
静冈县
群马县
青森县
石川县
兵库县
滋贺县
冈山县
山形县
福岛县
爱媛县
北海道
大分县
山口县
秋田县
广岛县
鸟取县
福井县
京都府
岩手县
德岛县
宫崎县
长野县
和歌山县
奈良县
山梨县
岐阜县
岛根县
高知县
 
Answer Stats
Answer % Correct
70.0 大阪府
89%
64.9 东京都
89%
68.5 千叶县
74%
61.0 神奈川县
68%
68.5 埼玉县
63%
57.9 爱知县
58%
55.4 福冈县
47%
63.8 茨城县
42%
35.7 群马县
42%
49.3 冲绳县
37%
46.9 栃木县
32%
40.4 长崎县
32%
37.1 熊本县
32%
54.7 佐贺县
26%
35.8 鹿儿岛县
26%
35.7 三重县
26%
35.7 静冈县
26%
53.5 香川县
21%
43.4 富山县
21%
36.2 新潟县
21%
43.7 宫城县
11%
No matching quizzes found
Score Distribution
Percent of People with Each Score
Percentile by Number Answered
Your Score History
You have not taken this quiz